000 00346nam a2200121Ia 4500
008 220204s9999 xx 000 0 und d
082 _a339.9
_bMEI
100 _aMEIER, G M
245 0 _aInternational economic development: Theory and policy
260 _aNew York
_bHarper &Row
_c1968
650 _aInternational economic development
942 _cBK
999 _c23684
_d23684